City Solutions: financing local growth (Record no. 107398)
[ view plain ]
| 000 -LEADER | |
|---|---|
| fixed length control field | 01378cad a22002295a 4500 |
| 001 - CONTROL NUMBER | |
| control field | L139996 |
| 008 - FIXED-LENGTH DATA ELEMENTS--GENERAL INFORMATION | |
| fixed length control field | 070828s2007 xxkado f 000 0 eng d |
| 035 ## - SYSTEM CONTROL NUMBER | |
| System control number | (Sirsi) u139996 |
| 041 0# - LANGUAGE CODE | |
| Language code of text/sound track or separate title | eng |
| 050 04 - LIBRARY OF CONGRESS CALL NUMBER | |
| Classification number | 336.21 $2 18 |
| 100 1# - MAIN ENTRY--PERSONAL NAME | |
| Personal name | Harrison, Ben |
| 245 00 - TITLE STATEMENT | |
| Title | City Solutions: financing local growth |
| Remainder of title | towards a supplementary business rate? |
| Medium | [electronic resource] |
| 260 ## - PUBLICATION, DISTRIBUTION, ETC. | |
| Place of publication, distribution, etc. | London |
| Name of publisher, distributor, etc. | Institute for Public Policy Research |
| Date of publication, distribution, etc. | 2007 |
| 505 2# - FORMATTED CONTENTS NOTE | |
| Formatted contents note | Supplementary Business Rates explained -- New analysis: what Supplementary Business Rates could deliver -- Challenges to implementing Supplementary Business Rates -- Moving forward: key questions |
| 520 ## - SUMMARY, ETC. | |
| Summary, etc. | Aiming to inform the debate on how to generate additional funds for urban infrastructure investment, this study focuses on how supplementary business rates could be used to achieve this. Explores the main challenges that should be tackled by city leaders, business and central government if supplementary business rates are to finance local growth. Advocates a 4p supplement. |
| 590 ## - LOCAL NOTE (RLIN) | |
| Local note | KA |
| 651 #4 - SUBJECT ADDED ENTRY--GEOGRAPHIC NAME | |
| Geographic name | England and Wales |
| Chronological subdivision | 1543- |
| 690 ## - LOCAL SUBJECT ADDED ENTRY--TOPICAL TERM (OCLC, RLIN) | |
| Topical term or geographic name as entry element | PROPERTY-COMMERCIAL PROPERTY-COMMERCIAL PROPERTY TAXATION-BUSINESS RATES |
| 700 1# - ADDED ENTRY--PERSONAL NAME | |
| Personal name | Marshall, Adam |
| 856 40 - ELECTRONIC LOCATION AND ACCESS | |
| Uniform Resource Identifier | <a href="https://www.ippr.org/centreforcities/publicationsandreports/publication.asp?id=554">https://www.ippr.org/centreforcities/publicationsandreports/publication.asp?id=554</a> |
| Public note | View this item free of charge at www.ippr.org/... |
| 942 ## - ADDED ENTRY ELEMENTS (KOHA) | |
| Suppress in OPAC | 0 |
| Withdrawn status | Lost status | Source of classification or shelving scheme | Damaged status | Not for loan | Home library | Current library | Shelving location | Date acquired | Total Checkouts | Full call number | Barcode | Date last seen | Copy number | Price effective from | Koha item type |
|---|---|---|---|---|---|---|---|---|---|---|---|---|---|---|---|
| Dewey Decimal Classification | Virtual | Virtual | Online | 29/08/2007 | ONLINE PUBLICATION | 139996-1001 | 06/08/2019 | 1 | 06/08/2019 | Book |